000 00824nam a2200217 i 4500
001 99650
003 ES-MaACL
005 20250730165127.0
007 t|
008 050914s1968 sp ||||1| spa d
100 1 _aMartínez-Barbeito, Carlos,
_d1913-1997
_977884
245 1 0 _aBernardo del Río describe la Coruña de fines del siglo XVIII /
_cCarlos Martínez Barbeito.
260 _aLa Coruña :
_bMoret,
_c1968.
300 _a10 h. :
_bil. ;
_c22 cm.
500 _aEs tirada aparte de Revista del Instituto José Cornide de Estudios Coruñeses.- 1966.- Año II.- Nº 2.- p.39-58.
651 4 _aLa Coruña-
_xDescripción.
_9157717
710 2 _aInstituto "José Cornide" de Estudios Coruñeses
_95109
852 _aES-MaACL
_j2082-F-5
_bR.84947
852 _aES-MaACL
_j2082-F-3
_bR.83966
999 _c99650
_d99650